【プロ野球】 北海道日本ハムファイターズ 旧応援歌 - Statistics

General Stats
  • This quiz has been taken 45 times
  • The average score is 34 of 51
Answer Stats
応援歌 選手名 % Correct
グラウンドに 輝く一番星をその拳をあげて 掴め〇〇〇〇 杉谷拳士
92%
今だ〇〇 遥かに続いた道を 走れ〇〇 輝くその日まで 西川遥輝
92%
勝負決める一振り 血と汗の勲章その手で夢掴め さぁ翔け〇〇 中田翔
89%
どこまでも飛ばせ 〇〇ガッツだGo Go Go僕らは待つよ 輝く瞬間 田中賢介
89%
メジャーで鍛えた技と 熱き鼓動を打ち鳴らして燃えろ〇〇 北の大地の星となれ SHINJO
89%
この大地を照らす 希望を胸に 信じる皆を背に ホームラン レアード
86%
守りの要 夢見たこの場所でチームを背負い 更なる高み目指せ 大野奨太
86%
飛ばせ 飛ばせ 遙か夢の彼方へ届けろ祖国の地へと 加油!〇〇!今ここから 陽岱鋼
86%
今見せろ お前の底力を 突き進め 勝利を掴み取れ 稲葉篤紀
86%
雄叫び上げて うなるその剛腕 我らのエース 日本のエース ダルビッシュ有
86%
さぁ狙いを定め 遠く遠く飛ばせ眩く光る時代 〇〇築き上げろ 近藤健介
83%
焼肉絵理花 日暮里駅前 歩いて5分の一等地 心の叫びを バットにぶつけろ 立ち上がれ いざ見せろ 燃える男の魂を 森本稀哲
83%
PL 青学 東芝(阪神!) 〇〇 俊足飛ばして グラウンド駆け抜けろ魅せろ今だ〇〇 勝利へ導け 坪井智哉
83%
〇〇村には海がある 〇〇村にはイルカがいる〇〇村には夢がある 毎日サバイバル 立ち上がれ〇〇 この世のために 島国が生んだ 和製大砲 小笠原道大
83%
会心の一打が 勝利を呼ぶ 夢を追い闘え 打て遥か遠くへ スティーブンソン
81%
狙いは〇〇 絶好球 飛ばせ遥か スタンドへ 金子誠
81%
ノースカロライナパワー ホームラン〇〇大地に万里風吹かせよ 熱くなれハンマー・〇〇 スレッジ
81%
攻守に 輝き放つ 今日も星を掴み取れ 〇〇〇〇 鶴岡慎也
75%
遥か天高く 空に輝く 栄光を掴め 〇〇〇〇 小谷野栄一
75%
君なら勝利を掴めるさ 〇〇魅せろ不屈のその心 ホームラン アブレイユ
75%
今この瞬間に 輝き放て 男〇〇 力強く 突き進め前へ 糸井嘉男
75%
新たな時代を築け 熱く熱く燃やせ美作男児の心意気 進め誇り高く 高橋信二
75%
滾る想い胸に 全てぶつけろ魅せろこの場所で 夢の続きを 大田泰示
72%
激しい闘志が 心に舞う不敗人生の道 ここにあり 落合博満
72%
磨き上げてきた 力と技術で 強敵を打ち崩す 全壘打〇〇 王柏融
69%
培った技で 攻守に輝き 勝利への道標 今描けよ〇〇 宇佐見真吾
67%
陽光の中に すばらしい明日を見つけてがむしゃらに追い掛けろ 煌めく世界を 鵜久森淳志
67%
目指し続けてきた 勝利への道のり今ここで示す 〇〇〇〇 大引啓次
67%
尽き果てぬ想い 一振りに託し止めどなく闘う男 〇〇〇〇 谷口雄也
64%
〇〇 〇〇 かっとばせ〇〇ラララララララ ララ かっとばせ〇〇 飯山裕志
64%
遥かに広がる 海越えて カリブの情熱 解き放て ハンソン
64%
俺達の夢乗せ アーチを描け熱いその気持ちを込めて 飛ばせ空の彼方 セギノール
64%
行くぞ〇〇ホームランセンターオーバーホームラン 弾丸ライナーだ 飛ばせ運べ〇〇 田中幸雄
64%
夢に描く軌跡を 新たなフィールドで仲間を信じ共に 未来へと突き進め 加藤豪将
61%
フルスイングで 吹き込む勝利の風 放つ打球はスタンドへ 届くホームラン 横尾俊建
61%
合言葉は たった一つ夢運んでくれ 〇〇〇〇 オバンドー
61%
見せてやれ怪力で 力込め打ち砕け向かう敵を蹴散らすぞ 火を噴くこの一撃で アルカンタラ
58%
静かな闘志が 今燃え上がる 勝利の手綱を引き寄せろ 〇〇 〇〇 〇〇 二岡智宏
58%
飛ばせ〇〇グラウンド 狭し走り回れ今お前の力で チャンスを呼び込め 今浪隆博
56%
魅せろ男〇〇 秘めたその力で バットに想い乗せて 夢を天高く飛ばせ 中嶋聡
50%
さあ行けよ〇〇 疾風の如くフィールド駆け抜け勝ち取れ 勝利の栄光を 村田和哉
44%
澄み渡る空の中へ 飛んでゆけよホームラン撒き散らせ熱い火の粉 燃えろ打てよ〇〇 今成亮太
44%
闘志が漲る その鍛えた腕で道産子の夢をボールに載せろ 勝利を目指して 木元邦之
44%
アクセル全開 魅せろ快速だ〇〇俊敏華麗な 足が自慢のフィールドダンサー 石本努
44%
振り抜くバットが 神風を呼ぶ力の限り 進め〇〇〇〇 井出竜也
44%
その勝負強さで さぁどこまでも高らかにアーチを描いて 天まで飛ばせ 髙濱祐仁
42%
鍛えぬかれた体で 迎える敵を蹴散らせ 内に秘めた闘志 熱く熱く燃やせ ホフパワー
42%
燃えろ〇〇男なら スタンドぶちこめ〇〇打つぞ〇〇狙い撃ち 我らの大将〇〇 大島康徳
42%
遙かな光目指し 茨の道を行け輝きある大きな 夢を掴むまで 赤田将吾
39%
頑張れ頑張れ〇〇 ライトレフトへセンターへ勝負強さをみせろ 燃えろ〇〇 小田智之
36%
闘志胸に込め 打席に挑む勝負にかける意気込み 男〇〇在り 島田一輝
36%
No matching quizzes found
Score Distribution
Percent of People with Each Score
Percentile by Number Answered
Your Score History
You have not taken this quiz